Zur Einführung: adeliges und fürstliches Erben im Mittelalter
Saved in:
| Main Authors: | , |
|---|---|
| Format: | Chapter/Article Conference Paper |
| Language: | German |
| Published: |
2025
|
| In: |
Adeliges und fürstliches Erben im Reich (ca. 1150-1250)
Year: 2025, Pages: 9-19 |
| Online Access: |
|
| Author Notes: | Jürgen Dendorfer (Freiburg) und Jörg Peltzer (Heidelberg/Norwich) |
MARC
| LEADER | 00000caa a2200000 c 4500 | ||
|---|---|---|---|
| 001 | 1923521950 | ||
| 003 | DE-627 | ||
| 005 | 20250717011406.0 | ||
| 007 | tu | ||
| 008 | 250423s2025 xx ||||| 00| ||ger c | ||
| 035 | |a (DE-627)1923521950 | ||
| 035 | |a (DE-599)KXP1923521950 | ||
| 035 | |a (OCoLC)1528044941 | ||
| 040 | |a DE-627 |b ger |c DE-627 |e rda | ||
| 041 | |a ger | ||
| 084 | |a 63 |2 sdnb | ||
| 100 | 1 | |a Dendorfer, Jürgen |d 1971- |e VerfasserIn |0 (DE-588)131511874 |0 (DE-627)510159419 |0 (DE-576)188567984 |4 aut | |
| 245 | 1 | 0 | |a Zur Einführung |b adeliges und fürstliches Erben im Mittelalter |c Jürgen Dendorfer (Freiburg) und Jörg Peltzer (Heidelberg/Norwich) |
| 264 | 1 | |c 2025 | |
| 300 | |a 11 | ||
| 336 | |a Text |b txt |2 rdacontent | ||
| 337 | |a ohne Hilfsmittel zu benutzen |b n |2 rdamedia | ||
| 338 | |a Band |b nc |2 rdacarrier | ||
| 700 | 1 | |a Peltzer, Jörg |d 1975- |e VerfasserIn |0 (DE-588)1012807770 |0 (DE-627)699798191 |0 (DE-576)345963237 |4 aut | |
| 773 | 0 | 8 | |i Enthalten in |a Konstanzer Arbeitskreis für Mittelalterliche Geschichte (2021 : Reichenau, Landkreis Konstanz; Online) |t Adeliges und fürstliches Erben im Reich (ca. 1150-1250) |d Ostfildern : Jan Thorbecke Verlag, 2025 |g (2025), Seite 9-19 |h 496 Seiten |w (DE-627)191597240X |z 9783799569002 |7 nnam |
| 773 | 1 | 8 | |g year:2025 |g pages:9-19 |g extent:11 |a Zur Einführung adeliges und fürstliches Erben im Mittelalter |
| 951 | |a AR | ||
| 992 | |a 20250423 | ||
| 993 | |a ConferencePaper | ||
| 994 | |a 2025 | ||
| 998 | |g 1012807770 |a Peltzer, Jörg |m 1012807770:Peltzer, Jörg |d 70000 |d 72000 |d 72020 |e 70000PP1012807770 |e 72000PP1012807770 |e 72020PP1012807770 |k 0/70000/ |k 1/70000/72000/ |k 2/70000/72000/72020/ |p 2 |y j | ||
| 999 | |a KXP-PPN1923521950 |e 4709072396 | ||
| BIB | |a Y | ||
| JSO | |a {"id":{"eki":["1923521950"]},"origin":[{"dateIssuedDisp":"2025","dateIssuedKey":"2025"}],"physDesc":[{"extent":"11 S."}],"name":{"displayForm":["Jürgen Dendorfer (Freiburg) und Jörg Peltzer (Heidelberg/Norwich)"]},"language":["ger"],"title":[{"title":"Zur Einführung","subtitle":"adeliges und fürstliches Erben im Mittelalter","title_sort":"Zur Einführung"}],"recId":"1923521950","relHost":[{"relMultPart":[{"type":{"bibl":"serial"},"corporate":[{"role":"aut","display":"Konstanzer Arbeitskreis für Mittelalterliche Geschichte"}],"titleAlt":[{"title":"VuF"}],"language":["ger"],"part":{"number":["Band 98"],"number_sort":["98"]},"dispAlt":"Konstanzer Arbeitskreis für Mittelalterliche Geschichte: Vorträge und Forschungen","id":{"eki":["130636916"],"zdb":["800376-2"],"issn":["0452-490X"]},"pubHistory":["5.1960 -"],"recId":"130636916","title":[{"title":"Vorträge und Forschungen / Konstanzer Arbeitskreis für Mittelalterliche Geschichte","title_sort":"Vorträge und Forschungen / Konstanzer Arbeitskreis für Mittelalterliche Geschichte"}],"disp":"Vorträge und Forschungen / Konstanzer Arbeitskreis für Mittelalterliche Geschichte","origin":[{"dateIssuedDisp":"1960-[?]","publisher":"Thorbecke ; Thorbecke ; Jan Thorbecke Verlag","dateIssuedKey":"1960","publisherPlace":"Lindau ; Konstanz ; Sigmaringen ; Ostfildern"}]}],"part":{"extent":"11","year":"2025","text":"(2025), Seite 9-19","pages":"9-19"},"language":["ger"],"id":{"eki":["191597240X"],"isbn":["9783799569002"]},"name":{"displayForm":["herausgegeben von Jürgen Dendorfer und Jörg Peltzer"]},"person":[{"role":"edt","display":"Dendorfer, Jürgen","given":"Jürgen","family":"Dendorfer"},{"role":"edt","display":"Peltzer, Jörg","family":"Peltzer","given":"Jörg"}],"corporate":[{"role":"aut","display":"Konstanzer Arbeitskreis für Mittelalterliche Geschichte (2021, Reichenau, Landkreis Konstanz; Online)"},{"display":"Jan Thorbecke Verlag","role":"pbl"}],"type":{"bibl":"book"},"title":[{"title":"Adeliges und fürstliches Erben im Reich (ca. 1150-1250)","title_sort":"Adeliges und fürstliches Erben im Reich (ca. 1150-1250)","subtitle":"Recht - Praktiken - Aushandlungen"}],"note":["Der Band geht zurück auf die Tagung des Konstanzer Arbeitskreises für Mittelalterliche Geschichte im Herbst 2021 auf der Insel Reichenau (Vorwort)"],"physDesc":[{"extent":"496 Seiten","noteIll":"Illustrationen, genealogische Tafeln, Karten","noteFormat":"24 cm"}],"origin":[{"dateIssuedDisp":"[2025]","publisherPlace":"Ostfildern","publisher":"Jan Thorbecke Verlag","dateIssuedKey":"2025"}],"disp":"Konstanzer Arbeitskreis für Mittelalterliche Geschichte (2021 : Reichenau, Landkreis Konstanz; Online)Adeliges und fürstliches Erben im Reich (ca. 1150-1250)","recId":"191597240X"}],"person":[{"role":"aut","display":"Dendorfer, Jürgen","family":"Dendorfer","given":"Jürgen"},{"display":"Peltzer, Jörg","role":"aut","given":"Jörg","family":"Peltzer"}],"type":{"bibl":"chapter"}} | ||
| SRT | |a DENDORFERJZUREINFUEH2025 | ||